[Event "1st FIDE OWCCCC Pools-East 2021"]
[Site "Online"]
[Date "2021.02.19"]
[Round "1.11"]
[White "Golovchenko, Gleb"]
[Black "Birajdar, Pradip"]
[Result "1-0"]
[WhiteElo "2260"]
[BlackElo "1620"]
[Annotator "NA"]
[PlyCount "59"]
[EventDate "2021.02.19"]
[EventType "team-tourn"]
[EventCountry "NET"]
[SourceTitle "playchess.com"]
[Source "ChessBase"]
[SourceQuality "1"]

1. d4 e6 2. Nf3 d5 3. Bf4 f6 4. e3 a6 5. Bd3 Nc6 6. O-O Bd6 7. Bxd6 Qxd6 8. c4 b6 9. Nc3 Nh6 10. e4 O-O 11. cxd5 exd5 12. exd5 Ne7 13. Rc1 Bg4 14. h3 Bxf3 15. Qxf3 f5 16. Rfe1 Rae8 17. Re6 Qd7 18. Rce1 Ng6 19. Bxa6 f4 20. Bb5 Qd8 21. Rxe8 Rxe8 22. Rxe8+ Qxe8 23. Bxe8 Kf8 24. Bxg6 hxg6 25. Qxf4+ Ke7 26. Qxc7+ Kf6 27. Ne4+ Kf5 28. Ng3+ Kf6 29. d6 Nf7 30. Qe7# 1-0

[Event "1st FIDE OWCCCC Pools-East 2021"]
[Site "Online"]
[Date "2021.02.19"]
[Round "1.11"]
[White "_ERG_Sannikov"]
[Black "Welz, Jakub"]
[Result "0-1"]
[WhiteElo "1728"]
[BlackElo "854"]
[Annotator "NA"]
[PlyCount "56"]
[EventDate "2021.02.19"]
[EventType "team-tourn"]
[EventCountry "NET"]
[SourceTitle "playchess.com"]
[Source "ChessBase"]
[SourceQuality "1"]

1. e4 e5 2. Nc3 Nc6 3. Nf3 Nd4 4. Nxd4 Qg5 5. d3 Bc5 6. Nf3 Qh5 7. Be2 Nf6 8. O-O O-O 9. Be3 b6 10. Bxc5 bxc5 11. Nd5 Nxd5 12. exd5 d6 13. c3 Re8 14. Qd2 e4 15. dxe4 Rxe4 16. Rae1 Re8 17. Nd4 Bg4 18. Bxg4 Qxg4 19. Nb5 Rec8 20. Qe2 Qe6 21. dxe6 fxe6 22. Qxe6+ Kh8 23. Qf7 Rf8 24. Qxc7 Rf6 25. Nxd6 Raf8 26. Nf7+ R6xf7 27. Qxf7 Rxf7 28. Re8+ Rf8 0-1

[Event "1st FIDE OWCCCC Pools-East 2021"]
[Site "Online"]
[Date "2021.02.19"]
[Round "1.11"]
[White "Levitan, Liel"]
[Black "Faizrakhmanov, Nijaz"]
[Result "0-1"]
[WhiteElo "1097"]
[BlackElo "1594"]
[Annotator "NA"]
[PlyCount "32"]
[EventDate "2021.02.19"]
[EventType "team-tourn"]
[EventCountry "NET"]
[SourceTitle "playchess.com"]
[Source "ChessBase"]
[SourceQuality "1"]

1. e4 c6 2. d4 d5 3. exd5 cxd5 4. c4 Nf6 5. Nc3 Nc6 6. Nf3 Bg4 7. Be3 e6 8. cxd5 Nxd5 9. Nxd5 Qxd5 10. Be2 Bb4+ 11. Nd2 Qxg2 12. Rf1 Bh3 13. Bf4 O-O 14. a3 Qe4 15. Rg1 Nxd4 16. Rc1 Nf3# 0-1

[Event "1st FIDE OWCCCC Pools-East 2021"]
[Site "Online"]
[Date "2021.02.19"]
[Round "1.11"]
[White "Zelenkovic, Jovan"]
[Black "Vymazal, Bronislav"]
[Result "0-1"]
[WhiteElo "1017"]
[BlackElo "2350"]
[Annotator "NA"]
[PlyCount "40"]
[EventDate "2021.02.19"]
[EventType "team-tourn"]
[EventCountry "NET"]
[SourceTitle "playchess.com"]
[Source "ChessBase"]
[SourceQuality "1"]

1. e4 c5 2. f4 Nc6 3. Nc3 e6 4. d3 d5 5. Nf3 Nf6 6. e5 Nd7 7. d4 Qb6 8. Be3 a6 9. b3 cxd4 10. Nxd4 Bb4 11. Qd2 Nc5 12. Bd3 Qa5 13. Nde2 d4 14. Bxd4 Nxd4 15. O-O Nxe2+ 16. Bxe2 Bxc3 17. Qd6 Ne4 18. Qd3 Bxa1 19. Rxa1 Qc5+ 20. Kf1 Qf2# 0-1

[Event "1st FIDE OWCCCC Pools-East 2021"]
[Site "Online"]
[Date "2021.02.19"]
[Round "1.12"]
[White "Dudarev, Nikolai"]
[Black "Rallabhandi, Hari Shankar"]
[Result "1-0"]
[WhiteElo "2169"]
[BlackElo "1327"]
[Annotator "NA"]
[PlyCount "77"]
[EventDate "2021.02.19"]
[EventType "team-tourn"]
[EventCountry "NET"]
[SourceTitle "playchess.com"]
[Source "ChessBase"]
[SourceQuality "1"]

1. e4 e5 2. Nf3 Nc6 3. d4 exd4 4. Nxd4 Nxd4 5. Qxd4 Qf6 6. e5 Qc6 7. Nc3 a6 8. Be3 Bb4 9. Qxb4 Ne7 10. O-O-O O-O 11. Qxe7 d6 12. exd6 cxd6 13. Qxd6 Qxd6 14. Rxd6 Be6 15. Bb6 Rac8 16. Be2 Rc6 17. Rxc6 bxc6 18. Rd1 h6 19. Bxa6 Ra8 20. Rd8+ Rxd8 21. Bxd8 Kh7 22. a4 Kg6 23. a5 f5 24. Bd3 h5 25. a6 Bc8 26. a7 Bb7 27. h3 Kf7 28. Bxf5 Ke8 29. Bc7 Ke7 30. Ne4 Kf7 31. Nc5 Ba8 32. Bc8 g5 33. Bb7 Bxb7 34. Nxb7 Ke6 35. a8=Q Kf5 36. Qf8+ Ke4 37. Qe7+ Kd5 38. Qe5+ Kc4 39. Qc5# 1-0

[Event "1st FIDE OWCCCC Pools-East 2021"]
[Site "Online"]
[Date "2021.02.19"]
[Round "1.12"]
[White "Khallouf, Anas"]
[Black "Dharani Srinivas K B"]
[Result "1-0"]
[WhiteElo "1612"]
[BlackElo "1842"]
[Annotator "NA"]
[PlyCount "119"]
[EventDate "2021.02.19"]
[EventType "team-tourn"]
[EventCountry "NET"]
[SourceTitle "playchess.com"]
[Source "ChessBase"]
[SourceQuality "1"]

1. d4 Nf6 2. Nf3 d5 3. Bf4 Bf5 4. e3 e6 5. Bd3 Bg4 6. Nbd2 h6 7. h3 Bxf3 8. Nxf3 Be7 9. O-O O-O 10. c4 b6 11. Rc1 c6 12. Ne5 Bd6 13. Bb1 Nbd7 14. Nxf7 Rxf7 15. Bxd6 Ne4 16. Bh2 Ndf6 17. Be5 Qe7 18. Qc2 g5 19. f3 Raf8 20. fxe4 Nxe4 21. Qe2 Rf5 22. Bxe4 dxe4 23. Qh5 g4 24. Qxh6 Kf7 25. Rxf5+ exf5 26. Qh5+ Ke6 27. hxg4 fxg4 28. Qxg4+ Kf7 29. Rf1+ Ke8 30. Rxf8+ Qxf8 31. Qe6+ Qe7 32. Qxc6+ Qd7 33. Qxd7+ Kxd7 34. Kf2 Ke6 35. g4 a6 36. Ke2 b5 37. cxb5 axb5 38. Kd2 Kd5 39. b3 b4 40. g5 Ke6 41. g6 Ke7 42. Ke2 Kf8 43. Kf2 Kg8 44. Kg3 Kf8 45. Kf4 Kg8 46. Kxe4 Kf8 47. Kd5 Ke7 48. Kc4 Kf8 49. Kxb4 Kg8 50. a4 Kf8 51. a5 Ke7 52. a6 Kd7 53. Kb5 Ke7 54. a7 Kd7 55. a8=Q Ke7 56. Qf3 Ke6 57. e4 Ke7 58. g7 Kd7 59. Qf7+ Kd8 60. g8=Q# 1-0

[Event "1st FIDE OWCCCC Pools-East 2021"]
[Site "Online"]
[Date "2021.02.19"]
[Round "1.12"]
[White "Kamac, Katarzyna"]
[Black "_ERG_Sakenova"]
[Result "1-0"]
[WhiteElo "1387"]
[BlackElo "1962"]
[Annotator "NA"]
[PlyCount "89"]
[EventDate "2021.02.19"]
[EventType "team-tourn"]
[EventCountry "NET"]
[SourceTitle "playchess.com"]
[Source "ChessBase"]
[SourceQuality "1"]

1. e4 c5 2. Nf3 e6 3. Bc4 d5 4. exd5 exd5 5. Bb5+ Nc6 6. d4 Nf6 7. Be3 c4 8. c3 Be7 9. Bxc6+ bxc6 10. Ne5 Qc7 11. Nd2 O-O 12. h3 c5 13. a3 Rb8 14. Rb1 Bf5 15. Ra1 Rxb2 16. O-O cxd4 17. Bxd4 Bd6 18. Ndf3 Rfb8 19. Rc1 Ne4 20. Re1 a5 21. a4 Ra2 22. Re2 Rbb2 23. Rxb2 Rxb2 24. Rc2 Qb7 25. Rc1 Qb3 26. Nc6 Qxd1+ 27. Rxd1 Ra2 28. Nxa5 Rxa4 29. Nc6 h6 30. g4 Be6 31. Nh4 Ra3 32. Rc1 Bf4 33. Rc2 h5 34. Kg2 hxg4 35. hxg4 Ra6 36. f3 Rxc6 37. fxe4 dxe4 38. Kf2 Bxg4 39. Ng2 Bd6 40. Ne3 Be6 41. Ng2 f5 42. Ne3 f4 43. Ng2 Bd5 44. Ba7 e3+ 45. Ke2 1-0

[Event "1st FIDE OWCCCC Pools-East 2021"]
[Site "Online"]
[Date "2021.02.19"]
[Round "1.12"]
[White "Saxenabatra, Madhulika"]
[Black "Walkusz, Malgorzata"]
[Result "0-1"]
[WhiteElo "1042"]
[BlackElo "1905"]
[Annotator "NA"]
[PlyCount "100"]
[EventDate "2021.02.19"]
[EventType "team-tourn"]
[EventCountry "NET"]
[SourceTitle "playchess.com"]
[Source "ChessBase"]
[SourceQuality "1"]

1. e4 Nf6 2. d3 e5 3. Nf3 Nc6 4. c4 Bc5 5. Be3 Bxe3 6. fxe3 d6 7. Ng5 h6 8. Nh3 O-O 9. Nc3 Be6 10. Be2 Qd7 11. O-O Bxh3 12. Rf2 Bg4 13. h3 Bxe2 14. Qxe2 Ne7 15. d4 Ng6 16. dxe5 Nxe5 17. Rd1 Qc6 18. Rd5 Nxd5 19. exd5 Qxc4 20. Qxc4 Nxc4 21. Re2 Rfe8 22. e4 a6 23. b3 Ne5 24. b4 Rad8 25. a4 c6 26. dxc6 Nxc6 27. Nd5 Re5 28. b5 axb5 29. axb5 Nd4 30. Rd2 Rxe4 31. Nc3 Rh4 32. b6 Rxh3 33. gxh3 Nf3+ 34. Kf2 Nxd2 35. Nb5 Nc4 36. Nc7 Nxb6 37. Ke3 d5 38. Kf4 d4 39. Nb5 d3 40. Nc3 d2 41. Ke3 d1=Q 42. Nxd1 Rxd1 43. Ke2 Rh1 44. Kf3 Rxh3+ 45. Kg2 Ra3 46. Kf2 Nd5 47. Ke2 b5 48. Kd1 b4 49. Kc1 Ra2 50. Kb1 Rh2 0-1

[Event "1st FIDE OWCCCC Pools-East 2021"]
[Site "Online"]
[Date "2021.02.19"]
[Round "1.13"]
[White "Demchenko, Anton"]
[Black "Frey, Fabian"]
[Result "1-0"]
[WhiteElo "2610"]
[BlackElo "2106"]
[Annotator "TA"]
[PlyCount "141"]
[EventDate "2021.02.19"]
[EventType "team-tourn"]
[EventCountry "NET"]
[SourceTitle "playchess.com"]
[Source "ChessBase"]
[SourceQuality "1"]

1. e4 c5 2. Nf3 e6 3. g3 Nc6 4. Bg2 Nf6 5. Qe2 Qc7 6. O-O Be7 7. e5 Ng4 8. Re1 d6 9. exd6 Bxd6 10. Na3 O-O 11. Nb5 Qb8 12. d3 Bd7 13. Nxd6 Qxd6 14. Bf4 Qe7 15. h3 Nf6 16. Ne5 Rac8 17. c3 Nxe5 18. Qxe5 Bc6 19. Bxc6 Rxc6 20. d4 Rd8 21. Rad1 cxd4 22. Rxd4 Rxd4 23. Qxd4 a6 24. c4 h6 25. Rd1 Qb4 26. b3 Kh7 27. Be5 Qe7 28. Qd3+ Kg8 29. Qd8+ Qxd8 30. Rxd8+ Kh7 31. Bxf6 gxf6 32. Rd7 b5 33. cxb5 axb5 34. Rxf7+ Kg6 35. Re7 Ra6 36. Rb7 Rxa2 37. Rxb5 e5 38. Rb6 Rb2 39. b4 h5 40. h4 Kf5 41. b5 Kg6 42. Rb8 Kg7 43. b6 Rb3 44. Kf1 Rb2 45. b7 Rb6 46. Ke2 Rb5 47. Kd3 Rb2 48. Kc4 Rb1 49. Kd5 Rb2 50. Ke6 Rb6+ 51. Kf5 Rb3 52. Ke6 Rb6+ 53. Ke7 Rb4 54. Kd6 Rb6+ 55. Kc5 Rb1 56. f3 Rb2 57. Kd5 Rb1 58. g4 hxg4 59. fxg4 Rb2 60. h5 Rb1 61. Ke4 Rb2 62. Kf5 Rf2+ 63. Ke6 Rb2 64. h6+ Kh7 65. Kxf6 e4 66. g5 Rb6+ 67. Kf5 e3 68. Re8 Rxb7 69. g6+ Kxh6 70. Rh8+ Kg7 71. Rh7+ 1-0

[Event "1st FIDE OWCCCC Pools-East 2021"]
[Site "Online"]
[Date "2021.02.19"]
[Round "1.13"]
[White "Kuklin, Valentin"]
[Black "Malik, Anjali"]
[Result "1-0"]
[WhiteElo "2382"]
[BlackElo "1331"]
[Annotator "NA"]
[PlyCount "65"]
[EventDate "2021.02.19"]
[EventType "team-tourn"]
[EventCountry "NET"]
[SourceTitle "playchess.com"]
[Source "ChessBase"]
[SourceQuality "1"]

1. e4 e5 2. Nf3 Nc6 3. Bb5 d6 4. d4 Bd7 5. Nc3 Nf6 6. O-O a6 7. Bxc6 Bxc6 8. dxe5 dxe5 9. Nxe5 Bd6 10. Nxc6 bxc6 11. e5 Bxe5 12. Re1 Nd7 13. f4 f6 14. fxe5 fxe5 15. Qh5+ g6 16. Qh6 Qf6 17. Bg5 Qf5 18. Qg7 Qf8 19. Rxe5+ Nxe5 20. Qxe5+ Kd7 21. Rd1+ Kc8 22. Rd8+ Qxd8 23. Bxd8 Rxd8 24. Ne4 Kb7 25. Nc5+ Kb6 26. Ne6 Rd1+ 27. Kf2 Rd2+ 28. Ke3 Rxc2 29. Qxc7+ Kb5 30. Nd4+ Kc5 31. Qxc6+ Kb4 32. a3+ Ka5 33. b4# 1-0

[Event "1st FIDE OWCCCC Pools-East 2021"]
[Site "Online"]
[Date "2021.02.19"]
[Round "1.13"]
[White "Franco Gomez, Fernando"]
[Black "Rozhkov, Viacheslav"]
[Result "0-1"]
[WhiteElo "1640"]
[BlackElo "2239"]
[Annotator "TA"]
[PlyCount "58"]
[EventDate "2021.02.19"]
[EventType "team-tourn"]
[EventCountry "NET"]
[SourceTitle "playchess.com"]
[Source "ChessBase"]
[SourceQuality "1"]

1. e4 c5 2. Nf3 d6 3. d3 Nc6 4. g3 g6 5. Bg2 Bg7 6. O-O Nf6 7. c3 O-O 8. Nbd2 e5 9. Re1 Ne8 10. Nf1 f5 11. Ne3 f4 12. gxf4 exf4 13. Nd5 g5 14. h3 Be6 15. Nh2 Qd7 16. Qh5 h6 17. a3 Nf6 18. Nxf6+ Rxf6 19. Ng4 Bxg4 20. Qxg4 Qxg4 21. hxg4 Ne5 22. d4 cxd4 23. cxd4 Nxg4 24. Bh3 h5 25. Bxg4 hxg4 26. Bd2 Rh6 27. Bc3 Kf7 28. Kg2 Rah8 29. Rh1 f3+ 0-1

[Event "1st FIDE OWCCCC Pools-East 2021"]
[Site "Online"]
[Date "2021.02.19"]
[Round "1.13"]
[White "Lakshana Subramanian"]
[Black "Drost, Peter"]
[Result "0-1"]
[WhiteElo "1319"]
[BlackElo "2158"]
[Annotator "NA"]
[PlyCount "82"]
[EventDate "2021.02.19"]
[EventType "team-tourn"]
[EventCountry "NET"]
[SourceTitle "playchess.com"]
[Source "ChessBase"]
[SourceQuality "1"]

1. d4 Nf6 2. c4 g6 3. Nc3 Bg7 4. e4 d6 5. f3 O-O 6. Be3 a6 7. Nge2 Nbd7 8. Qd2 b5 9. cxb5 axb5 10. Nxb5 c6 11. Nbc3 e5 12. d5 c5 13. Nc1 Nb6 14. Be2 Ba6 15. O-O Nfd7 16. Bxa6 Rxa6 17. Nb5 Nc4 18. Qc3 Nxe3 19. Qxe3 Qb8 20. Nc3 c4 21. Qe2 Rc8 22. Qf2 Bh6 23. Rb1 Nc5 24. Qh4 Kg7 25. N3e2 Nd3 26. Nxd3 cxd3 27. Nc3 Be3+ 28. Kh1 Rb6 29. Qe1 Bd4 30. f4 Bxc3 31. bxc3 Rxb1 32. Qxb1 Qxb1 33. Rxb1 Rxc3 34. Rd1 d2 35. h3 Rc1 36. Rg1 Rxg1+ 37. Kxg1 d1=Q+ 38. Kh2 exf4 39. a4 Qe2 40. a5 f3 41. a6 Qxg2# 0-1

[Event "1st FIDE OWCCCC Pools-East 2021"]
[Site "Online"]
[Date "2021.02.19"]
[Round "1.14"]
[White "Moskvin, Alexey S."]
[Black "Mertens, Fridolin"]
[Result "0-1"]
[WhiteElo "2358"]
[BlackElo "2143"]
[Annotator "NA"]
[PlyCount "88"]
[EventDate "2021.02.19"]
[EventType "team-tourn"]
[EventCountry "NET"]
[SourceTitle "playchess.com"]
[Source "ChessBase"]
[SourceQuality "1"]

1. e4 c5 2. d4 cxd4 3. c3 dxc3 4. Nxc3 Nc6 5. Nf3 d6 6. Be2 e6 7. O-O Be7 8. Be3 Nf6 9. Rc1 O-O 10. Re1 Qa5 11. Qb3 Qb4 12. Qc2 d5 13. exd5 exd5 14. Bd2 Qg4 15. Ne5 Qe6 16. Nxc6 Qxc6 17. Bb5 Qd6 18. Re2 Bg4 19. f3 Bh5 20. Rce1 Bd8 21. Ba4 a6 22. a3 Bc7 23. g4 Bg6 24. Qc1 Bd3 25. Rf2 Bb6 26. Be3 d4 27. Bf4 Qd8 28. Na2 Rc8 29. Qd1 Bc4 30. Nb4 Nd5 31. Nxd5 Qxd5 32. Re5 Qd8 33. Re4 f5 34. Re5 fxg4 35. fxg4 Qh4 36. Rd2 Rxf4 37. Qe1 Rxg4+ 38. Rg2 d3+ 39. Kh1 Qxe1+ 40. Rxe1 Bd5 41. Reg1 Bxg1 42. Kxg1 Rxg2+ 43. Kf1 Rc1+ 44. Bd1 Rxd1# 0-1

[Event "1st FIDE OWCCCC Pools-East 2021"]
[Site "Online"]
[Date "2021.02.19"]
[Round "1.14"]
[White "Sebe-Vodislav, Razvan-Alexandru"]
[Black "Maciaszek, Michal"]
[Result "1-0"]
[WhiteElo "2270"]
[BlackElo "1090"]
[Annotator "NA"]
[PlyCount "53"]
[EventDate "2021.02.19"]
[EventType "team-tourn"]
[EventCountry "NET"]
[SourceTitle "playchess.com"]
[Source "ChessBase"]
[SourceQuality "1"]

1. e4 e5 2. Nf3 Nf6 3. Nxe5 Nxe4 4. Qe2 d5 5. d3 Qe7 6. dxe4 Qxe5 7. exd5 Qxe2+ 8. Bxe2 Bd6 9. O-O O-O 10. Bf3 b6 11. Nc3 Bb7 12. Nb5 Na6 13. Nxd6 cxd6 14. c3 Nc5 15. Bf4 Rad8 16. Rad1 a5 17. Rfe1 Na4 18. Rd2 b5 19. h3 Ba8 20. Re7 Rde8 21. Bxd6 Rxe7 22. Bxe7 Re8 23. d6 Nb6 24. Bxa8 Rxa8 25. d7 Nc4 26. d8=Q+ Rxd8 27. Rxd8# 1-0

[Event "1st FIDE OWCCCC Pools-East 2021"]
[Site "Online"]
[Date "2021.02.19"]
[Round "1.14"]
[White "conker"]
[Black "Nezamyatin, Ruslan"]
[Result "0-1"]
[WhiteElo "1389"]
[BlackElo "2070"]
[Annotator "NA"]
[PlyCount "44"]
[EventDate "2021.02.19"]
[EventType "team-tourn"]
[EventCountry "NET"]
[SourceTitle "playchess.com"]
[Source "ChessBase"]
[SourceQuality "1"]

1. e4 d5 2. exd5 Nf6 3. c4 e6 4. dxe6 Bxe6 5. Nf3 Nc6 6. d3 Bb4+ 7. Nc3 Qe7 8. Be2 Rd8 9. O-O Bxc4 10. Qa4 Ba6 11. a3 Bxc3 12. bxc3 O-O 13. Re1 Rfe8 14. Be3 Nd5 15. Bc5 Qxc5 16. c4 Nc3 17. Qc2 Nxe2+ 18. Rxe2 Nd4 19. Rxe8+ Rxe8 20. Nxd4 Qxd4 21. Rd1 c5 22. Qa4 Re2 0-1

[Event "1st FIDE OWCCCC Pools-East 2021"]
[Site "Online"]
[Date "2021.02.19"]
[Round "1.15"]
[White "Bluvshtein, Mark"]
[Black "Abhinav Bansal"]
[Result "1/2-1/2"]
[WhiteElo "2590"]
[BlackElo "1464"]
[Annotator "TA"]
[PlyCount "127"]
[EventDate "2021.02.19"]
[EventType "team-tourn"]
[EventCountry "NET"]
[SourceTitle "playchess.com"]
[Source "ChessBase"]
[SourceQuality "1"]

1. d4 d5 2. c4 e6 3. Nc3 c6 4. e3 f5 5. Nf3 Nf6 6. Bd3 Bd6 7. O-O O-O 8. b3 Ne4 9. Bb2 Nd7 10. Ne2 b6 11. Rc1 Bb7 12. cxd5 cxd5 13. Ne5 Rc8 14. f3 Nef6 15. Nf4 Qe8 16. Bb5 a6 17. Bd3 g5 18. Ne2 Qe7 19. a4 Rxc1 20. Qxc1 Rc8 21. Qb1 Ba3 22. Bc3 Bb4 23. Qb2 Nxe5 24. dxe5 Nd7 25. Bd4 Bc5 26. Rc1 Qf8 27. Rc2 a5 28. Bb5 Nb8 29. Qc1 Ba6 30. e4 f4 31. exd5 exd5 32. Qd2 Bxb5 33. axb5 Qe7 34. Bxc5 Rxc5 35. Rxc5 Qxc5+ 36. Qd4 Nd7 37. e6 Qxd4+ 38. Nxd4 Nc5 39. g3 fxg3 40. hxg3 Kf8 41. f4 gxf4 42. gxf4 Ke7 43. f5 Kf6 44. Kf2 Ne4+ 45. Ke3 Nd6 46. Kf4 h5 47. Kg3 Nb7 48. Kf4 Nc5 49. Kg3 a4 50. bxa4 Nxa4 51. Kh4 Nc3 52. Kxh5 Ne4 53. Kh6 Nd6 54. Kh7 Nxf5 55. Nxf5 Kxe6 56. Kg6 Ke5 57. Kg5 d4 58. Kg4 Kd5 59. Kf4 Kc5 60. Ke4 Kxb5 61. Nxd4+ Ka6 62. Kd5 b5 63. Kc5 b4 64. Kxb4 1/2-1/2

[Event "1st FIDE OWCCCC Pools-East 2021"]
[Site "Online"]
[Date "2021.02.19"]
[Round "1.15"]
[White "Konstantinov, Vasiliy"]
[Black "Ak, Emir Arda"]
[Result "1-0"]
[WhiteElo "2196"]
[BlackElo "1345"]
[Annotator "NA"]
[PlyCount "107"]
[EventDate "2021.02.19"]
[EventType "team-tourn"]
[EventCountry "NET"]
[SourceTitle "playchess.com"]
[Source "ChessBase"]
[SourceQuality "1"]

1. e4 c5 2. c3 d5 3. exd5 Qxd5 4. d4 Nf6 5. Nf3 g6 6. Be2 Bg7 7. O-O O-O 8. dxc5 Qxc5 9. Be3 Qd5 10. Nbd2 Nc6 11. Qb3 Rb8 12. Rfd1 Be6 13. Bc4 Qd7 14. Bxe6 Qxe6 15. Qxe6 fxe6 16. Ng5 Ng4 17. Nxe6 Nxe3 18. fxe3 Rf7 19. Nxg7 Kxg7 20. Nf3 Rbf8 21. Rd7 b6 22. Rc7 Rf6 23. Rd1 R8f7 24. h3 h5 25. Kh2 Kh6 26. Rdd7 g5 27. Nd4 Ne5 28. Rxe7 Rxe7 29. Rxe7 Nd3 30. b4 a5 31. Re6 Rxe6 32. Nxe6 axb4 33. cxb4 Nxb4 34. a4 Kg6 35. Nd4 Kf6 36. Kg3 Nd5 37. Nb3 Ke5 38. Kf3 Nc3 39. a5 bxa5 40. Nxa5 Kf5 41. g4+ hxg4+ 42. hxg4+ Kf6 43. Nc4 Nd5 44. Nd2 Ke5 45. Ne4 Nxe3 46. Kxe3 Ke6 47. Nxg5+ Kf6 48. Nf3 Kg6 49. Kf4 Kg7 50. Kg5 Kg8 51. Kg6 Kf8 52. Kh7 Kf7 53. g5 Kf8 54. g6 1-0

[Event "1st FIDE OWCCCC Pools-East 2021"]
[Site "Online"]
[Date "2021.02.19"]
[Round "1.15"]
[White "Rushabh, Shah"]
[Black "DodgeCharger"]
[Result "0-1"]
[WhiteElo "1737"]
[BlackElo "1606"]
[Annotator "NA"]
[PlyCount "94"]
[EventDate "2021.02.19"]
[EventType "team-tourn"]
[EventCountry "NET"]
[SourceTitle "playchess.com"]
[Source "ChessBase"]
[SourceQuality "1"]

1. e4 c5 2. Nf3 Nc6 3. Nc3 d6 4. d4 cxd4 5. Nxd4 Nf6 6. Bb5 Qb6 7. Bxc6+ bxc6 8. Rb1 Ba6 9. Be3 Qc7 10. Qf3 g6 11. e5 dxe5 12. Ndb5 Qb7 13. Nxa7 Nd5 14. Nxd5 cxd5 15. a4 e4 16. Qf4 Bg7 17. Nb5 Bxb5 18. axb5 Qxb5 19. c3 Bxc3+ 20. Bd2 Bg7 21. Qc7 e6 22. Bg5 O-O 23. Qg3 Rfc8 24. Bd2 Ra2 25. Qe3 Rxb2 26. Rxb2 Bxb2 27. Qe2 Qc6 28. O-O d4 29. Bh6 Qc2 30. Qxc2 Rxc2 31. h3 f5 32. Rd1 Kf7 33. Bf4 Kf6 34. g4 e5 35. g5+ Ke6 36. Bg3 f4 37. Bh4 Kf5 38. Kg2 e3 39. Rf1 e2 40. Re1 Bc3 41. f3 Bxe1 42. Bxe1 d3 43. Kf2 d2 44. Bxd2 Rxd2 45. Ke1 Ra2 46. h4 e4 47. fxe4+ Kxe4 0-1

[Event "1st FIDE OWCCCC Pools-East 2021"]
[Site "Online"]
[Date "2021.02.19"]
[Round "1.15"]
[White "Garcia Chica, Eva Maria"]
[Black "Vasiliev, Vasiliy"]
[Result "0-1"]
[WhiteElo "1446"]
[BlackElo "1965"]
[Annotator "NA"]
[PlyCount "106"]
[EventDate "2021.02.19"]
[EventType "team-tourn"]
[EventCountry "NET"]
[SourceTitle "playchess.com"]
[Source "ChessBase"]
[SourceQuality "1"]

1. c4 Nf6 2. Nc3 g6 3. g3 Bg7 4. Bg2 O-O 5. Nf3 d6 6. O-O Nc6 7. d4 a6 8. Be3 Ng4 9. Bf4 Nxd4 10. Nxd4 e5 11. Bxe5 Nxe5 12. Nf3 Nxc4 13. Qc2 b5 14. Nd2 Nxd2 15. Qxd2 Rb8 16. Rad1 Be6 17. Nd5 c5 18. a3 a5 19. Nf4 Bb3 20. Rc1 a4 21. Bd5 Qf6 22. Bxb3 axb3 23. Rb1 Qd4 24. Rfd1 Qxd2 25. Rxd2 Be5 26. Nd5 Rfe8 27. e3 c4 28. f4 Bg7 29. Nc7 Rxe3 30. Rxd6 Re2 31. Rd5 Rxb2 32. Rxb2 Bxb2 33. Rxb5 Rxb5 34. Nxb5 c3 35. Nd4 c2 36. Nxb3 Bxa3 37. Kf2 c1=Q 38. Nxc1 Bxc1 39. Kf3 Kg7 40. h3 Kf6 41. Ke4 Ba3 42. g4 Bc1 43. Kf3 g5 44. f5 Ke5 45. Ke2 Kf4 46. Kf2 Be3+ 47. Kg2 Bd4 48. Kh2 Kf3 49. Kh1 Be5 50. h4 Kxg4 51. Kg2 Kxh4 52. Kf3 g4+ 53. Kg2 Kg5 0-1

[Event "1st FIDE OWCCCC Pools-East 2021"]
[Site "Online"]
[Date "2021.02.19"]
[Round "1.16"]
[White "Reimanis, Ritvars"]
[Black "Beltz, Martina"]
[Result "1-0"]
[WhiteElo "2412"]
[BlackElo "1922"]
[Annotator "NA"]
[PlyCount "127"]
[EventDate "2021.02.19"]
[EventType "team-tourn"]
[EventCountry "NET"]
[SourceTitle "playchess.com"]
[Source "ChessBase"]
[SourceQuality "1"]

1. d4 d5 2. c4 e6 3. Nf3 c6 4. e3 f5 5. Bd3 Nf6 6. O-O Bd6 7. Qc2 Ne4 8. b3 O-O 9. Ba3 Nd7 10. Bxd6 Nxd6 11. Nc3 Nf6 12. Ne5 Bd7 13. Rab1 Be8 14. c5 Nde4 15. Ne2 Nd7 16. Nxd7 Qxd7 17. b4 Qe7 18. f3 Nf6 19. Qc3 a6 20. a4 Nd7 21. f4 Nf6 22. Rb2 Ne4 23. Bxe4 fxe4 24. Qe1 Qf6 25. Nc1 Rf7 26. g4 g5 27. Rbf2 Qg6 28. Ne2 Kh8 29. fxg5 Rxf2 30. Qxf2 Bd7 31. Qf6+ Kg8 32. Nf4 Qxf6 33. gxf6 Rf8 34. g5 Kf7 35. Kf2 Rg8 36. h4 Bc8 37. Rg1 Bd7 38. Rg3 Bc8 39. Ne2 Kg6 40. Nf4+ Kf7 41. Rg2 Bd7 42. a5 Bc8 43. Nh5 Bd7 44. Ng7 Bc8 45. Kg3 Bd7 46. Kf4 Bc8 47. Ke5 Rd8 48. h5 Bd7 49. g6+ hxg6 50. hxg6+ Kg8 51. Nh5 Be8 52. f7+ Bxf7 53. gxf7+ Kf8 54. Rg8+ Kxf7 55. Rxd8 Kg6 56. Nf4+ Kf7 57. Rd7+ Ke8 58. Kxe6 Kf8 59. Re7 Kg8 60. Rf7 Kh8 61. Kf6 b5 62. Kg6 Kg8 63. Rf6 Kh8 64. Rf8# 1-0

[Event "1st FIDE OWCCCC Pools-East 2021"]
[Site "Online"]
[Date "2021.02.19"]
[Round "1.16"]
[White "Kabanova, Ekaterina"]
[Black "Anuncibay Alvarez, Alejandro"]
[Result "1-0"]
[WhiteElo "2138"]
[BlackElo "1399"]
[Annotator "TA"]
[PlyCount "63"]
[EventDate "2021.02.19"]
[EventType "team-tourn"]
[EventCountry "NET"]
[SourceTitle "playchess.com"]
[Source "ChessBase"]
[SourceQuality "1"]

1. c4 e5 2. e3 d6 3. Qc2 Nc6 4. a3 g6 5. b4 Bf5 6. d3 Bg7 7. Bb2 Nf6 8. Nd2 O-O 9. Ngf3 Re8 10. Nh4 Ne7 11. Be2 c5 12. bxc5 dxc5 13. Bxe5 Ng4 14. Bxg7 Kxg7 15. Nxf5+ Nxf5 16. Qc3+ Nf6 17. Ne4 a5 18. g4 Nh4 19. g5 Ra6 20. Nxf6 Rxf6 21. Qxf6+ Qxf6 22. gxf6+ Kxf6 23. Rb1 Re7 24. Kd2 Nf5 25. Rb5 Rc7 26. Rhb1 Nd6 27. Rxa5 Kg7 28. Bf3 f5 29. Rb6 Rd7 30. Bd5 h5 31. Kc3 f4 32. Rxc5 1-0

[Event "1st FIDE OWCCCC Pools-East 2021"]
[Site "Online"]
[Date "2021.02.19"]
[Round "1.16"]
[White "Meyer, Henri"]
[Black "Pancewicz, Joanna"]
[Result "1-0"]
[WhiteElo "2043"]
[BlackElo "1108"]
[Annotator "NA"]
[PlyCount "105"]
[EventDate "2021.02.19"]
[EventType "team-tourn"]
[EventCountry "NET"]
[SourceTitle "playchess.com"]
[Source "ChessBase"]
[SourceQuality "1"]

1. d4 d5 2. c4 e6 3. Nc3 Nf6 4. cxd5 exd5 5. Bg5 Be7 6. Qc2 h6 7. Bh4 c5 8. e3 Nc6 9. Rd1 cxd4 10. exd4 O-O 11. Be2 Bg4 12. Nf3 Nb4 13. Qd2 Ne4 14. Nxe4 dxe4 15. Bxe7 Qxe7 16. Ne5 Bxe2 17. Qxe2 Nd3+ 18. Nxd3 Rfe8 19. Ne5 Qb4+ 20. Qd2 Qd6 21. O-O f6 22. Nc4 Qd5 23. b3 b5 24. Ne3 Qd6 25. d5 Rac8 26. Rc1 a6 27. Rxc8 Rxc8 28. Rc1 Rd8 29. Qc3 Qd7 30. h3 f5 31. Qc6 f4 32. Qxd7 Rxd7 33. Nf5 g6 34. Rc8+ Kf7 35. Nxh6+ Kg7 36. Ng4 Rxd5 37. Rc6 a5 38. Ra6 b4 39. Kf1 g5 40. Ke2 Kf7 41. g3 f3+ 42. Ke3 Rd1 43. Kxe4 Rd2 44. Rxa5 Ke6 45. Ra6+ Ke7 46. Kxf3 Rd3+ 47. Ke4 Rd2 48. f4 Kf7 49. f5 Rf2 50. Ra7+ Kf8 51. Nxf2 Ke8 52. Ke5 Kd8 53. Kd6 1-0